|
|
|
|
| LEADER |
00000nam a2200000 a 4500 |
| 001 |
UCH5514 |
| 003 |
CL-VaPUC |
| 008 |
091014e19990000SP |||||||||||||||||spa|d |
| 020 |
|
|
|a 8429171894
|
| 082 |
0 |
4 |
|a 541.2
|b CAS
|2 21
|
| 100 |
0 |
|
|a Casabó i Gispert, Jaume
|e author
|9 541803
|
| 245 |
1 |
0 |
|a Estructura Atómica y Enlace Químico
|
| 250 |
|
|
|a 1a. ed
|
| 300 |
|
|
|a 392 p
|
| 942 |
|
|
|c BK
|
| 945 |
|
|
|d 20091014 00:00:00
|a ccalabra
|
| 260 |
|
|
|a Barcelona
|b Reverté
|c 1999
|
| 650 |
|
0 |
|a Química
|9 259896
|
| 650 |
|
7 |
|a ESTRUCTURA QUIMICA
|2 CL-VaPUC
|9 319669
|
| 650 |
|
0 |
|a Mecánica cuántica
|9 306806
|
| 650 |
|
0 |
|a Átomos
|9 259583
|
| 650 |
|
0 |
|a Moléculas
|9 259584
|
| 650 |
|
0 |
|a Educación
|9 258661
|
| 650 |
|
0 |
|a Ciencias
|9 327866
|
| 583 |
|
|
|a last modification
|c 20091014 00:00:00
|k Rodrigo Vera
|
| 999 |
|
|
|c 336644
|d 336642
|